Music Quiz

Random Music or Lyrics Quiz

'Single Ladies (Put a Ring on It)' Lyrics Quiz Stats

Quiz Updated Dec 24, 2014

Challenge
Share
Tweet
Embed
Score 0/257 Timer 10:00
3 Plays Today
% Correct
[Chorus]
99.8%
[Chorus]
99.8%
[Chorus]
99.8%
a
99.2%
a
99.2%
a
99.2%
a
99.2%
a
99.2%
a
99.2%
a
99.2%
I
98.1%
I
98.1%
I
98.1%
I
98.1%
I
98.1%
I
98.1%
the
98%
the
98%
the
98%
the
98%
the
98%
the
98%
you
98%
You
98%
you
98%
you
98%
you
98%
you
98%
you
98%
you
98%
you
98%
you
98%
you
98%
you
98%
you
98%
you
98%
You
98%
put
97.6%
put
97.6%
put
97.6%
put
97.6%
put
97.6%
on
96%
on
96%
on
96%
on
96%
on
96%
on
96%
on
96%
Oh, oh, oh…
95.8%
Oh, oh, oh…
95.8%
it,
95%
it
95%
it,
95%
it
95%
it
95%
it,
95%
it
95%
it
95%
ring
94%
ring
94%
ring
94%
single
92.4%
single
92.4%
ladies (x7)
92.2%
ladies (7x)
92.2%
All
91.3%
if
91.3%
If
91.3%
if
91.3%
All
91.3%
If
91.3%
like
88.7%
like
88.7%
up.
87.8%
Up
87.8%
up.
87.8%
up
87.8%
up
87.8%
up,
87.8%
up
87.8%
in
87.4%
in
87.4%
should
86.9%
should
86.9%
should
86.9%
% Correct
your
86.7%
your
86.7%
Your
86.7%
your
86.7%
your
86.7%
have
84.5%
have
84.5%
have
84.5%
then
83%
then
83%
then
83%
then
83%
hands
80.7%
hands
80.7%
no
79.3%
me.
78.5%
me.
78.5%
me.
78.5%
me
78.5%
me.
78.5%
me
78.5%
me,
78.5%
me,
78.5%
me
78.5%
me
78.5%
my
74.7%
my
74.7%
my
74.7%
my
74.7%
my
74.7%
my
74.7%
to
73%
to
73%
to
73%
to
73%
to
73%
club,
72.7%
be
71.3%
be
71.3%
be
71.3%
be
71.3%
Don't
70.5%
Don't
70.5%
Don't
70.5%
Don't
70.5%
don't,
70.5%
Now
69.8%
now
69.8%
now
69.8%
Now
69.8%
he
68.2%
he
68.2%
at
66.1%
and
64.1%
And
64.1%
and
64.1%
and
64.1%
I'm
63.4%
I'm
63.4%
I'm
63.4%
I'm
63.4%
liked
62.6%
liked
62.6%
liked
62.6%
want
62%
want
61.2%
not
60.8%
thing.
60.4%
just
60%
Just
60%
him,
59.7%
him
59.7%
him
59.7%
we
59.1%
that
58.6%
that
58.6%
that
58.6%
own
57.4%
attention.
55.9%
attention.
55.9%
doing
55.9%
of
55.7%
of
55.7%
what
55.2%
What
55.2%
what
55.2%
% Correct
what
55.2%
love
54.5%
any
54.1%
any
54.1%
is
53%
'Cause
52.1%
'Cause
52.1%
'Cause
52.1%
'Cause
52.1%
pay
50.6%
pay
50.6%
Is
50.3%
mad
49.6%
mad
49.6%
can
49.1%
girl.
47.7%
little
46.4%
man
45.9%
man
45.9%
got
44.2%
see
42.3%
for
41.2%
trip.
40.6%
can't
40.2%
kind
39.7%
one
39.2%
decided
39%
dip
38.9%
but
38.6%
broke
37.3%
need
36.9%
gonna
35.9%
had
34.9%
I'll
34.3%
brother
34.1%
another
34%
world.
33.7%
gone.
32.9%
did
32.6%
wanna
32.5%
noticed
32.5%
think.
32.3%
hips
31.9%
than
31.3%
say
31%
deserve.
31%
care
30.5%
lips,
30.3%
beyond.
29.9%
good
29.6%
really
28.9%
infinity
28.5%
learn
28.3%
turn,
28.1%
less
27.6%
miss
27.3%
three
27.2%
tears,
26.7%
jeans.
26.7%
years.
26.7%
drink
26.6%
arms,
26.4%
cup.
26.2%
mention?
26.2%
you'll
26.1%
ghost,
25.7%
treat
25.7%
into
25.6%
feels
25.3%
takes
24.5%
Hold
24%
alone,
24%
gloss
23.9%
Acting
23.5%
permission,
23.4%
prefer,
23.3%
cried
23.1%
destiny,
22.6%
delivers
21.3%
once
20%
things
19.9%
tighter
19.7%
makes
19%
Deréon
18.4%
Pull
16.8%

You're not logged in!

Compare scores with friends on all Sporcle quizzes.
Sign Up with Email
OR
Log In

You Might Also Like...

Show Comments

Extras

Top Quizzes Today


Score Distribution

Your Account Isn't Verified!

In order to create a playlist on Sporcle, you need to verify the email address you used during registration. Go to your Sporcle Settings to finish the process.